000 00396nam a2200157Ia 4500
008 221030s9999 xx 000 0 und d
041 _aEnglish
082 _a105.23
_bPre
100 _aR. S. Pressman
245 0 _aSoftware Engineering : A Practioner`s Approach
_cby R. S. Pressman
250 _a6th
260 _bTMH
_aNew Delhi
_c2005
300 _a912
650 _aBE Computer
942 _cBK
999 _c4256
_d4256